فنکا ر :تحقیقی و تنقید ی مضا مین / (Record no. 148263)

MARC details
000 -LEADER
fixed length control field 00718nam a22001937a 4500
005 - DATE AND TIME OF LATEST TRANSACTION
control field 20230419162006.0
010 ## - LCCN (DPL NO)
LC control number UR-9981
020 ## - INTERNATIONAL STANDARD BOOK NUMBER
Terms of availability 250.00
International Standard Book Number -
035 ## - SYSTEM CONTROL NUMBER
System control number U-8536
037 ## - SOURCE OF ACQUISITION
Source of stock number/acquisition DBAD/PUB
082 ## - DEWEY DECIMAL CLASSIFICATION NUMBER
Classification number 844.08
100 ## - MAIN ENTRY--PERSONAL NAME
Personal name محمد ضا من علی صد یقی
245 ## - TITLE STATEMENT
Title فنکا ر :تحقیقی و تنقید ی مضا مین /
Statement of responsibility, etc محمد ضا من علی صد یقی
246 ## - VARYING FORM OF TITLE
Remainder of title Funkaar:Tehqeeqi wa Tanqeedi Mazameen /
Title proper/short title by Mohd. Zamin Ali Siddiui
260 ## - PUBLICATION, DISTRIBUTION, ETC. (IMPRINT)
Place of publication, distribution, etc Tilangana
Name of publisher, distributor, etc Kehkashan publishing House
Date of publication, distribution, etc 2016 ء
270 ## - ADDRESS
Address 9-16-60,Ahmad Pura Colony ,Nizamabad,
City Telangana
Postal code -
Telephone number 9440882330
Fax number -
300 ## - PHYSICAL DESCRIPTION
Extent 184 ص
Dimensions 22cm(pbk)
942 ## - ADDED ENTRY ELEMENTS (KOHA)
Source of classification or shelving scheme Dewey Decimal Classification
Item type Urdu Bks
Classification part 844.08
Call number suffix ص د ی
Holdings
Withdrawn status Lost status Not for loan Collection code Home library Current library Date acquired Source of acquisition Cost, normal purchase price Full call number Barcode Copy number Cost, replacement price Koha item type
      Non-fiction Sarojini Nagar Sarojini Nagar 22/12/2017 DBAD/PUB. 250.00 844.08 ص د ی U-8536 1 250.00 Urdu Bks

© Delhi Public Library
Hit Counter
free hit counter